Bilecik Bilecik Bilecik Bilecik Bilecik

Toprak ana/ (Record no. 39619)

MARC details
000 -BAŞLIK
Sabit Uzunluktaki Kontrol Alanı 01494nam a22003137a 4500
001 - KONTROL NUMARASI
Control Dosyası 0039741
003 - KONTROL NUMARASI KİMLİĞİ
Kontrol Alanı KOHA_MİRAKIL
005 - EN SON İŞLEM TARİHİ ve ZAMANI
Kontrol Alanı 20260207003139.0
007 - FİZİKSEL TANIM SABİT ALAN - GENEL BİLGİ
Sabit uzunluklu kontrol alanı ta
008 - SABİT UZUNLUKTAKİ VERİ ÖGELERİ - GENEL BİLGİ
Sabit Alan 130328b2012 tu |||gr||||#0|||1|tur |
020 ## - ISBN - ULUSLARARASI STANDART KİTAP NUMARASI
Isbn 9786054138647
Kullanılabilirlik koşulları 19,5
040 ## - KATALOGLAMA KAYNAĞI
Özgün Kataloglama Kurumu TR-BiSEU
Kataloglama Dili tur
Çeviri Kurumu TR-BiSEU
Açıklama Kuralları rda
041 0# - DİL KODU
Metin ya da ses kaydının dil kodu tur
044 ## - YAYINLAYAN/ÜRETEN KURULUŞUN ÜLKE KODU
ISO country code tu
050 ## - SINIFLAMA ve YER NUMARASI
Sınıflama Numarası PG3478.I8
Yer Numarası T67 2012
100 1# - KİŞİ ADI
Yazar Adı (Kişi adı) Aytmatov, Cengiz.
245 1# - ESER ADI BİLDİRİMİ
Başlık Toprak ana/
Sorumluluk Bildirimi Cengiz Aytmatov ; Cengiz Aytmatov ; çeviren Halit Aliosmanoğlu.
250 ## - BASIM BİLDİRİMİ
Basım Bildirimi 18. basım
264 #1 - ÜRERİM, YAYIN, DAĞITIM ve TELİF BİLDİRİMİ
Yayın yeri Ankara :
Yayınlayan Elips
Yayın tarihi 2012
300 ## - FİZİKSEL TANIMLAMA
Sayfa, Cilt vb. 111 sayfa ;
Boyutları 19 cm.
336 ## - İÇERİK TÜRÜ
Content type term metin
Content type code txt
Source rdacontent
337 ## - MEDYA TÜRÜ
Media type term aracısız
Media type code n
Source rdamedia
338 ## - TAŞIYICI TÜRÜ
Carrier type term cilt
Carrier type code nc
Source rdacarrier
505 ## - İÇİNDEKİLER NOTU
İçindekiler Notu Erkekleri askere alınan köylerde geride kalanların çektiği sıkıntılar etkileyici bir üslupla anlatılır. Eldeki yetersiz yiyeceğin muhtaç olandan başlanarak dağıtılması, dört gözle beklenen hasat zamanları, umutların hasat zamanına ertelenmesi, savaş yüzünden ürünün hemen hepsinin merkezden istenmesi, boşa çıkan umutlar, yine açlık, sefalet, bir yandan cepheden gelen ölüm haberleri, umutsuz bekleyişler, savaşın uzun sürmesi üzerine aşağı çekilen cepheye çağrılma yaşı, yine gidenler, ayrılıklar, gözyaşları... Yani tek kelimeyle ve bütün zulmetiyle; savaş.
650 #0 - KONU BAŞLIĞI EK GİRİŞ - KONU TERİMİ
Konusal terim veya coğrafi ad Kırgız edebiyatı--Roman.
9 (RLIN) 51284
650 #0 - KONU BAŞLIĞI EK GİRİŞ - KONU TERİMİ
Konusal terim veya coğrafi ad Kyrgyz literature--Fiction.
9 (RLIN) 51811
907 ## - LOCAL DATA ELEMENT G, LDG (RLIN)
a Roman
942 ## - EK GİRİŞ ÖGELERİ (KOHA)
Source of classification or shelving scheme Library of Congress Classification
Koha item type Book
505 ## - İÇİNDEKİLER NOTU
--
Holdings
Materyal Türü Kalıcı Konum Mevcut Konum Raf Yeri Sınıflandırma Kaynağı Edinim Bilgisi Ana Konular Alt Konular Yer Numarası Demirbaş Numarası Fatura Tarihi Maliyet, Alış Fiyatı Maliyet, Yenileme Fiyatı Geri Çekilme Durumu Kayıp Durumu Hasarlı Durumu Kredi için değil Kayıt Tarih Toplam Ödünçverme Son Görülme Tarihi Son Kontrol Tarihi Genel / Bağış Notu
Book Prof. Dr. Azmi Özcan Kütüphanesi Prof. Dr. Azmi Özcan Kütüphanesi Birûni Salonu Library of Congress Classification Bağış DİL VE EDEBİYAT Slav Dilleri, Baltık Dilleri, Arnavutça PG3478.I8 T67 2012 0039741 02/02/2026 5.00 5.00         28/03/2013 1 05/12/2024 05/12/2024 Genel Bağış